Jak Malované : Dvojčata

Bibliographic Details
Main Authors: Bláha, Oldřich (Composer), Grossman, Saša (Composer)
Corporate Author: Orchestr Gustava Broma (Author)
Other Authors: Vašíček, Jiří, 1933-2001 (Singer), Blehárová, Helena, 1943- (Singer), Fikejzová, Jiřina, 1927-2020 (Lyricist), Zikán, Miroslav (Lyricist)
Format: CD Audio
Language:Czech
PhysicalDescription:1 gramofónová platňa 18 cm
Published: Praha Supraphon [1962]
Subjects:

MARC

LEADER 00000njm a2200000 4500
001 vtls012136362
003 SK-MaSNL
005 20260301055559.0
007 sd cszc p
008 220524s1962 xr sgz g 0 0 cze
028 0 1 |a OSA 013433  |b Supraphon 
028 1 3 |a D 0929/A A  |b Supraphon 
028 1 3 |a D 0930/A A  |b Supraphon 
028 0 1 |a F-09*30155  |b Supraphon 
040 |a SNK  |b slo  |e rda  |c SNK 
041 0 |a cze 
044 |a xr  |c CZ 
072 7 |a 78.011.26  |x Populárna hudba. Populárne piesne. Populárna tanečná hudba  |2 konspekt 
080 |a 78.03.011.26  |2 2011 
080 |a (086.72)  |2 2011 
110 2 |a Orchestr Gustava Broma  |4 aut  |9 312682 
245 0 0 |a Jak Malované : Dvojčata  |c Gustav Brom se svým orchestrem 
264 1 |a Praha  |b Supraphon  |c [1962] 
264 4 |c Ⓟ1962 
300 |a 1 gramofónová platňa  |c 18 cm 
336 |a hraná hudba  |b prm  |2 rdacontent 
337 |a audio  |b s  |2 rdamedia 
338 |a iný  |b z  |2 rdacarrier 
340 |a vinyl  |a rda 
344 |a analog  |c 45 ot/min  |g stereo  |2 rda 
500 |a Platňa obsahuje 2 piesne 
500 |a Názov prevzatý z obalu 
500 |a Miesto vydania podľa vydavateľa 
650 0 7 |a populárna hudba  |2 SNKPH  |9 3428 
650 0 7 |a Popular music  |2 SNKPHeng  |9 90436 
655 7 |a gramofónové platne  |2 SNKPH  |9 74608 
655 7 |a Gramophone records  |2 SNKPHeng  |9 286457 
700 1 |a Vašíček, Jiří,  |d 1933-2001  |4 sng  |9 131383 
700 1 |a Blehárová, Helena,  |d 1943-  |4 sng  |9 216232 
700 1 |a Fikejzová, Jiřina,  |d 1927-2020  |4 lyr  |9 50472 
700 1 |a Bláha, Oldřich  |4 cmp  |9 369429 
700 1 |a Zikán, Miroslav  |4 lyr  |9 369430 
700 1 |a Grossman, Saša  |4 cmp  |9 369431 
740 0 2 |a Dvojčata  |h zvukový záznam 
999 |c 613689  |d 615619 
952 |a SNK  |b SNK  |y PREZ  |7 0  |p 17A1420229  |o snk45-210  |i snk1906/67  |0 0  |1 0  |4 0  |d 2022-05-24  |l 0  |r 2026-02-23 16:30:50  |w 2026-02-23 
952 |a SNKMST  |b SNKMST  |y PREZ  |7 0  |p 17A1420230  |o snk45-210 D1  |i snk1907/67  |0 0  |1 0  |4 0  |d 2022-05-24  |l 0  |r 2026-02-23 16:30:51  |w 2026-02-23